عرض عادي
عرض مارك
- التفكير الإيجابي
دخول Topical Term
001 - CONTROL NUMBER
- control field: 27892
003 - CONTROL NUMBER IDENTIFIER
- control field: AE-AdECS
005 - DATE AND TIME OF LATEST TRANSACTION
- control field: 20260326114123.0
008 - FIXED-LENGTH DATA ELEMENTS
- fixed length control field: 260326|| aca||aabn | a|a d
040 ## - CATALOGING SOURCE
- Original cataloging agency: AE-AdECS
- Transcribing agency: AE-AdECS
150 ## - HEADING--TOPICAL TERM
- Topical term or geographic name entry element: التفكير الإيجابي
- General subdivision: لدى المعلمين
670 ## - SOURCE DATA FOUND
- Source citation: Work cat.: (AE-AdECS)294566: الشجيري، داود حمزة حسن عليوي مؤلف. 27890, الجهد العاطفي والاندماج الاجتماعي وعلاقتهما بالتفكير الإيجابي لدى معلمي الصف الأول الابتدائي /
